|
|
|
|
| LEADER |
00638cam a2200157 7i4500 |
| 001 |
0000048647 |
| 005 |
20191209090000.0 |
| 090 |
0 |
0 |
|a BP153
|b .N36 1992
|
| 100 |
1 |
|
|a En Nawawi, Mahiudin Abu Zakaria Yahya Ibn Sharif
|
| 245 |
1 |
0 |
|a Minhaj et talibin :
|b a manual of Muhammadan law according to the school of Shafii
|c Mahiudin Abu Zakaria Yahya Ibn Sharif En Nawawi.
|
| 260 |
|
|
|a Pakistan:
|b Law Publishing Company,
|c 1992.
|
| 300 |
|
|
|a 571 p.
|
| 500 |
|
|
|a Gift: Zainol Ahmad Resource Center
|
| 650 |
0 |
0 |
|a Islamic law --
|y Early works to 1800
|
| 650 |
0 |
0 |
|a Shafiites --
|y Early works to 1800
|
| 999 |
|
|
|a 0000067765
|b BOK
|c OPEN SHELF
|e 1st Floor, Bestari Jaya
|